000 00373pab a2200145 454500
008 180718b2015 xxu||||| |||| 00| 0 eng d
100 _aAlam, Mohammad Anzar
245 _aEducational leadership of Maulana Abul Kalam Azad
260 _c2015
300 _ap.20-22.
362 _a21 Feb
650 _aAzad, Maulana Abul Kalam
773 _aMainstream
909 _a107136
999 _c107131
_d107131